[Event "Medellin Sub zt 2.3.2"]
[Site "Medellin"]
[Date "2025.04.17"]
[Round "6"]
[White "Brizuela Abreu, Reivis Gabriel"]
[Black "Luna Velandia, Juan Sebastian"]
[Result "1/2-1/2"]
[WhiteElo "2205"]
[BlackElo "1973"]
[PlyCount "70"]
[EventDate "2025.04.14"]
[EventType "swiss"]
[EventRounds "9"]
[EventCountry "COL"]
[SourceTitle "CB18_2025"]
[SourceDate "2025.04.30"]
[SourceVersion "1"]
[SourceVersionDate "2025.04.30"]
[SourceQuality "1"]

1. d4 Nf6 2. c4 g6 3. Nc3 Bg7 4. e4 d6 5. h3 Nbd7 6. Be3 e5 7. d5 h5 8. Bd3 Bh6 9. Bxh6 Rxh6 10. Qd2 Rh8 11. Nge2 h4 12. f4 exf4 13. Nxf4 Nh5 14. 0-0 Ne5 15. c5 Qg5 16. Bb5+ Ke7 17. Rad1 Nxf4 18. Qxf4 Qxf4 19. cxd6+ cxd6 20. Rxf4 g5 21. Rf2 g4 22. hxg4 Bxg4 23. Be2 Rag8 24. Kf1 h3 25. gxh3 Rxh3 26. Ke1 Bxe2 27. Kxe2 Rgg3 28. Rdf1 Rd3 29. Nd1 Kd8 30. Rxf7 Nxf7 31. Rxf7 Ke8 32. Rxb7 Rdg3 33. Kf2 Rd3 34. Ke2 Rdg3 35. Kf2 Rd3 1/2-1/2

[Event "Medellin Sub zt 2.3.2"]
[Site "Medellin"]
[Date "2025.04.16"]
[Round "4"]
[White "Brizuela Abreu, Reivis Gabriel"]
[Black "Hurtado Sarmiento, Juan Sebastian"]
[Result "1-0"]
[WhiteElo "2205"]
[BlackElo "1981"]
[PlyCount "123"]
[EventDate "2025.04.14"]
[EventType "swiss"]
[EventRounds "9"]
[EventCountry "COL"]
[SourceTitle "CB18_2025"]
[SourceDate "2025.04.30"]
[SourceVersion "1"]
[SourceVersionDate "2025.04.30"]
[SourceQuality "1"]

1. d4 Nf6 2. c4 g6 3. Nc3 d5 4. cxd5 Nxd5 5. e4 Nxc3 6. bxc3 Bg7 7. Ba3 0-0 8. Bc4 Nd7 9. Nf3 c5 10. 0-0 a6 11. Qe2 b5 12. Bd5 Rb8 13. dxc5 Qc7 14. Qe3 Bb7 15. Nd4 Ne5 16. c6 Nxc6 17. Nxc6 Bxc6 18. Qc5 Rbc8 19. Qxe7 Qxe7 20. Bxe7 Rfe8 21. Bb4 Bxd5 22. exd5 Bxc3 23. Bxc3 Rxc3 24. Rfd1 Rd8 25. Rd4 Rd6 26. h4 h5 27. Kf1 a5 28. a3 Kg7 29. Rb1 Rc5 30. Rbd1 Kf6 31. f3 Ke7 32. Kf2 Kd7 33. Ke3 Rc3+ 34. R1d3 Rxd3+ 35. Rxd3 Kc7 36. Kd4 Kb6 37. Re3 Rd7 38. Re8 Rb7 39. Rc8 b4 40. axb4 axb4 41. Kc4 Ka7 42. Kb3 Ka6 43. Rc5 Rb5 44. Rc6+ Ka5 45. d6 Rd5 46. Kc4 Rd2 47. Rc5+ Ka4 48. Rc7 Ka3 49. Ra7+ Kb2 50. d7 b3 51. Rb7 Kc2 52. Kc5 b2 53. Kc6 b1Q 54. Rxb1 Kxb1 55. Kc7 Rc2+ 56. Kd6 Rd2+ 57. Ke7 Kc2 58. d8Q Rxd8 59. Kxd8 f6 60. Ke7 g5 61. Kxf6 gxh4 62. Kg5 1-0

[Event "Medellin Sub zt 2.3.2"]
[Site "Medellin"]
[Date "2025.04.14"]
[Round "2"]
[White "Brizuela Abreu, Reivis Gabriel"]
[Black "Ardila, Oscar Humberto"]
[Result "0-1"]
[WhiteElo "2205"]
[BlackElo "1973"]
[PlyCount "90"]
[EventDate "2025.04.14"]
[EventType "swiss"]
[EventRounds "9"]
[EventCountry "COL"]
[SourceTitle "CB18_2025"]
[SourceDate "2025.04.30"]
[SourceVersion "1"]
[SourceVersionDate "2025.04.30"]
[SourceQuality "1"]

1. d4 Nf6 2. c4 e6 3. Nc3 Bb4 4. e3 Bxc3+ 5. bxc3 0-0 6. Bd3 d6 7. Nf3 Nbd7 8. e4 e5 9. 0-0 Re8 10. Re1 c5 11. d5 Nf8 12. Nd2 Ng6 13. g3 Bg4 14. f3 Bd7 15. Nf1 Qa5 16. Bd2 a6 17. a4 Rab8 18. Ne3 Ne7 19. Kh1 h6 20. g4 Ng6 21. Ng2 Nf4 22. Nxf4 exf4 23. Bxf4 Qc7 24. Qd2 Nh7 25. Qg2 g5 26. Bg3 Rbd8 27. h4 Bc8 28. Qh2 f6 29. a5 Nf8 30. h5 Kg7 31. Reb1 Re7 32. Rb6 Re5 33. f4 gxf4 34. Bxf4 Kh7 35. Bxe5 fxe5 36. Qh4 Kg7 37. Rf1 Nh7 38. Rb2 Rf8 39. Rxf8 Kxf8 40. Rb6 Ng5 41. Kg2 Kg7 42. Kg3 Qf7 43. Kg2 Qf3+ 44. Kg1 Qxd3 45. Qe1 Nf3+ 0-1

[Event "Medellin Sub zt 2.3.2"]
[Site "Medellin"]
[Date "2025.04.14"]
[Round "1"]
[White "Gaona Ballesteros, Andres"]
[Black "Brizuela Abreu, Reivis Gabriel"]
[Result "0-1"]
[WhiteElo "1858"]
[BlackElo "2205"]
[PlyCount "72"]
[EventDate "2025.04.14"]
[EventType "swiss"]
[EventRounds "9"]
[EventCountry "COL"]
[SourceTitle "CB18_2025"]
[SourceDate "2025.04.30"]
[SourceVersion "1"]
[SourceVersionDate "2025.04.30"]
[SourceQuality "1"]

1. e4 e6 2. d4 d5 3. e5 c5 4. c3 Nc6 5. Nf3 Qb6 6. Bd3 cxd4 7. 0-0 Bd7 8. Re1 h6 9. h4 Rc8 10. Nbd2 dxc3 11. bxc3 Na5 12. Rb1 Qc7 13. c4 dxc4 14. Bc2 b5 15. Ne4 Nb7 16. Be3 Qa5 17. Nfd2 Ne7 18. f4 Nd5 19. f5 Nxe3 20. Rxe3 Bc5 21. Nxc5 Nxc5 22. Nf3 exf5 23. Nd4 0-0 24. Nxf5 Bxf5 25. Bxf5 Ne6 26. Qg4 Qb6 27. Rbe1 Rcd8 28. Kh1 Rd4 29. Be4 Rfd8 30. Rg3 b4 31. Qf5 Rd1 32. Rxd1 Rxd1+ 33. Kh2 Qg1+ 34. Kh3 Qh1+ 35. Kg4 g6 36. Qf2 h5+ 0-1

[Event "Bogota Rapid op"]
[Site "Bogota"]
[Date "2024.12.21"]
[Round "3"]
[White "Brizuela Abreu, Reivis Gabriel"]
[Black "Robayo, Jairo Alberto"]
[Result "1-0"]
[WhiteElo "2089"]
[BlackElo "1793"]
[PlyCount "83"]
[EventDate "2024.12.21"]
[EventType "swiss (rapid)"]
[EventRounds "9"]
[EventCountry "COL"]
[SourceTitle "CB52_2024"]
[SourceDate "2024.12.25"]
[SourceVersion "1"]
[SourceVersionDate "2024.12.25"]
[SourceQuality "1"]

1. d4 d5 2. Nf3 Nf6 3. e3 e6 4. Bd3 Nbd7 5. b3 c5 6. Bb2 a6 7. c4 Be7 8. 0-0 b6 9. cxd5 Nxd5 10. Nc3 Bb7 11. Nxd5 exd5 12. dxc5 Bf6 13. Bxf6 Qxf6 14. cxb6 Qxb6 15. Rc1 0-0 16. Nd4 Ne5 17. Bxh7+ Kxh7 18. Qh5+ Kg8 19. Qxe5 Rae8 20. Qc7 Qa7 21. Qd7 Rd8 22. Qg4 Rd6 23. Nf5 Rg6 24. Ne7+ Kh7 25. Nxg6 fxg6 26. Rc7 Qb6 27. Qd7 Qf6 28. Rxb7 Qe5 29. h3 Rf5 30. Rc1 Qf6 31. f4 g5 32. Rcc7 Qa1+ 33. Kh2 gxf4 34. Qxg7+ Qxg7 35. Rxg7+ Kh6 36. Rh7+ Kg6 37. Rbg7+ Kf6 38. Rf7+ Ke5 39. Rxf5+ Kxf5 40. Rf7+ Ke5 41. Rxf4 d4 42. Rxd4 1-0

[Event "Bogota blitz op"]
[Site "Bogota"]
[Date "2024.12.21"]
[Round "3"]
[White "Luna, David Humberto"]
[Black "Brizuela Abreu, Reivis Gabriel"]
[Result "0-1"]
[WhiteElo "1822"]
[BlackElo "2156"]
[PlyCount "72"]
[EventDate "2024.12.21"]
[EventType "swiss (blitz)"]
[EventRounds "11"]
[EventCountry "COL"]
[SourceTitle "CB52_2024"]
[SourceDate "2024.12.25"]
[SourceVersion "1"]
[SourceVersionDate "2024.12.25"]
[SourceQuality "1"]

1. d4 d5 2. c4 e6 3. Nc3 c5 4. cxd5 cxd4 5. Qxd4 Nc6 6. Qd1 exd5 7. e3 Nf6 8. Nf3 a6 9. Be2 Bd6 10. 0-0 0-0 11. Kh1 Bg4 12. Nxd5 Re8 13. Nxf6+ Qxf6 14. h3 Bh5 15. a3 Rad8 16. Qc2 Rc8 17. Qb3 Ne5 18. Nd4 Bxe2 19. Nxe2 Qh4 20. e4 Qxe4 21. Ng3 Qd3 22. Qxb7 Nc4 23. Be3 Nxe3 24. fxe3 Bxg3 25. Qxf7+ Kh8 26. Rad1 Qg6 27. Qf3 Bb8 28. e4 h6 29. e5 Bxe5 30. Rde1 Bxb2 31. Re2 Be5 32. Rfe1 Bb8 33. Rxe8+ Rxe8 34. Rf1 Qd6 35. Qf4 Qxf4 36. Rxf4 Bxf4 0-1

[Event "Titled Tuesday intern op 21st April"]
[Site "Chess.com INT"]
[Date "2020.04.21"]
[Round "2"]
[White "Brizuela Abreu, Reivis Gabriel"]
[Black "Ostrovskiy, Aleksandr A"]
[Result "0-1"]
[WhiteElo "2205"]
[BlackElo "2425"]
[PlyCount "80"]
[EventDate "2020.04.21"]
[EventType "swiss (blitz)"]
[EventRounds "10"]
[EventCountry "USA"]
[SourceTitle "EXT 2021"]
[Source "ChessBase"]
[SourceDate "2020.10.23"]
[SourceVersion "1"]
[SourceVersionDate "2020.10.23"]
[SourceQuality "1"]

1. d4 e6 2. c4 b6 3. Nc3 Bb7 4. Nf3 Bb4 5. e3 f5 6. Bd3 Nf6 7. 0-0 Bxc3 8. bxc3 0-0 9. Ne1 d6 10. f3 Nbd7 11. a4 a5 12. Qe2 Qe8 13. e4 fxe4 14. fxe4 e5 15. Nf3 exd4 16. cxd4 Bxe4 17. Bb2 Bxd3 18. Qxd3 Qe4 19. Qd2 d5 20. Rae1 Qg6 21. Ne5 Nxe5 22. dxe5 Nh5 23. cxd5 Rad8 24. e6 Rxf1+ 25. Rxf1 Nf6 26. Bxf6 gxf6 27. Rf3 Qb1+ 28. Kf2 Qb4 29. Rg3+ Kh8 30. Qh6 Qd4+ 31. Re3 Qb2+ 32. Kf3 Qd4 33. e7 Qxd5+ 34. Kf2 Qf5+ 35. Ke2 Qg4+ 36. Rf3 Qe4+ 37. Kf2 Qxe7 38. Qxf6+ Qxf6 39. Rxf6 Kg7 40. Kf3 Kxf6 0-1

[Event "VEN pre olympic2"]
[Site "Caracas"]
[Date "2018.04.23"]
[Round "10.2"]
[White "Palencia Morales, Wilson Guillermo"]
[Black "Brizuela Abreu, Reivis Gabriel"]
[Result "1/2-1/2"]
[WhiteElo "2298"]
[BlackElo "2223"]
[PlyCount "59"]
[EventDate "2018.04.17"]
[EventType "tourn"]
[EventRounds "10"]
[EventCountry "VEN"]
[SourceTitle "EXT 2022"]
[Source "ChessBase"]
[SourceDate "2021.10.06"]
[SourceVersion "1"]
[SourceVersionDate "2021.10.06"]
[SourceQuality "1"]

1. d4 d5 2. c3 Nf6 3. Bf4 g6 4. h3 Bg7 5. Nf3 0-0 6. e3 b6 7. Nbd2 Bb7 8. a4 c5 9. b4 Nc6 10. bxc5 bxc5 11. Rb1 Qc8 12. Qb3 Ba6 13. Bxa6 Qxa6 14. Qb5 Qxb5 15. axb5 Na5 16. Ra1 Nb7 17. 0-0 Nd6 18. Rfb1 Rfc8 19. Ne5 Bf8 20. Ra5 Nfe4 21. Nxe4 Nxe4 22. Rba1 g5 23. Bh2 Rab8 24. dxc5 Nxc5 25. Nc6 Rb7 26. Rxa7 Rxb5 27. Nxe7+ Bxe7 28. Rxe7 Ne4 29. Be5 f6 30. Raa7 1/2-1/2

[Event "VEN pre olympic2"]
[Site "Caracas"]
[Date "2018.04.19"]
[Round "4.2"]
[White "Vidal Melendez, Ismael David"]
[Black "Brizuela Abreu, Reivis Gabriel"]
[Result "1/2-1/2"]
[WhiteElo "2285"]
[BlackElo "2223"]
[PlyCount "31"]
[EventDate "2018.04.17"]
[EventType "tourn"]
[EventRounds "10"]
[EventCountry "VEN"]
[SourceTitle "EXT 2022"]
[Source "ChessBase"]
[SourceDate "2021.10.06"]
[SourceVersion "1"]
[SourceVersionDate "2021.10.06"]
[SourceQuality "1"]

1. d4 d5 2. c4 e6 3. Nc3 c5 4. cxd5 cxd4 5. Qxd4 Nc6 6. Qa4 exd5 7. Bd2 Nf6 8. Nf3 Bc5 9. e3 0-0 10. Be2 d4 11. exd4 Nxd4 12. Nxd4 Qxd4 13. Qxd4 Bxd4 14. 0-0 Bg4 15. Bxg4 Nxg4 16. Ne2 1/2-1/2

[Event "San Sebastian IRT"]
[Site "San Cristobal"]
[Date "2018.02.04"]
[Round "7"]
[White "Franco Valencia, Beatriz Irene"]
[Black "Brizuela Abreu, Reivis Gabriel"]
[Result "1/2-1/2"]
[WhiteElo "2204"]
[BlackElo "2214"]
[PlyCount "21"]
[EventDate "2018.01.31"]
[EventType "tourn"]
[EventRounds "7"]
[EventCountry "VEN"]
[SourceTitle "EXT 2019"]
[Source "ChessBase"]
[SourceDate "2018.10.10"]
[SourceVersion "1"]
[SourceVersionDate "2018.10.10"]
[SourceQuality "1"]

1. d4 e6 2. c4 d5 3. cxd5 exd5 4. Nc3 Nf6 5. Nf3 Be7 6. g3 0-0 7. Bg2 c5 8. 0-0 Nc6 9. b3 Ne4 10. Bb2 Bf6 11. e3 1/2-1/2

[Event "San Sebastian IRT"]
[Site "San Cristobal"]
[Date "2018.02.03"]
[Round "5"]
[White "Brizuela Abreu, Reivis Gabriel"]
[Black "Torres Cueto, Jesus Marcial"]
[Result "1-0"]
[WhiteElo "2214"]
[BlackElo "2188"]
[PlyCount "69"]
[EventDate "2018.01.31"]
[EventType "tourn"]
[EventRounds "7"]
[EventCountry "VEN"]
[SourceTitle "EXT 2019"]
[Source "ChessBase"]
[SourceDate "2018.10.10"]
[SourceVersion "1"]
[SourceVersionDate "2018.10.10"]
[SourceQuality "1"]

1. d4 e6 2. c4 d5 3. Nc3 Nf6 4. Nf3 Bb4 5. e3 c5 6. Bd3 cxd4 7. exd4 dxc4 8. Bxc4 0-0 9. 0-0 Bxc3 10. bxc3 Qc7 11. Qe2 a6 12. a4 Nd5 13. Bd2 Nd7 14. Rfc1 Nf4 15. Bxf4 Qxf4 16. Rab1 Nb6 17. Bb3 Bd7 18. a5 Nd5 19. Ne5 Rfd8 20. g3 Qh6 21. f4 Nf6 22. f5 Nd5 23. Qf3 Bc6 24. fxe6 fxe6 25. Nf7 Qg6 26. Nxd8 Rxd8 27. Bc2 Qg5 28. h4 Qd2 29. Qd3 Qh6 30. Re1 Kh8 31. Rxe6 Qh5 32. Re5 Qh6 33. c4 Nf6 34. d5 Be8 35. Qe3 1-0

[Event "VEN-chT Liga Superior qual"]
[Site "Caracas"]
[Date "2018.01.27"]
[Round "3.1"]
[White "Caterine Pizarro, Oscar Manuel"]
[Black "Brizuela Abreu, Reivis Gabriel"]
[Result "1/2-1/2"]
[WhiteElo "1882"]
[BlackElo "2214"]
[PlyCount "96"]
[EventDate "2018.01.26"]
[EventType "team-swiss"]
[EventRounds "6"]
[EventCountry "VEN"]
[SourceTitle "EXT 2022"]
[Source "ChessBase"]
[SourceDate "2021.10.06"]
[SourceVersion "1"]
[SourceVersionDate "2021.10.06"]
[SourceQuality "1"]
[WhiteTeam "AlphaZero"]
[BlackTeam "Fransheskawhite"]
[WhiteTeamCountry "VEN"]
[BlackTeamCountry "VEN"]

1. d4 e6 2. Nf3 c5 3. e3 Nf6 4. Bd3 b6 5. 0-0 Be7 6. c3 Bb7 7. Ne5 d6 8. Bb5+ Nfd7 9. Nxd7 Nxd7 10. Nd2 0-0 11. Be2 Nf6 12. Bf3 d5 13. Re1 Rc8 14. h3 Qc7 15. g3 Bd6 16. Bg2 e5 17. dxe5 Bxe5 18. f4 Bd6 19. e4 dxe4 20. Nxe4 Nxe4 21. Bxe4 Bxe4 22. Rxe4 Qc6 23. Re1 Rcd8 24. Qc2 Rfe8 25. Be3 h5 26. Qg2 Qxg2+ 27. Kxg2 Bc7 28. h4 Kf8 29. Bf2 Rxe1 30. Bxe1 a5 31. c4 Rd3 32. Bc3 f6 33. Rf1 Kf7 34. Rf3 Rd1 35. Rf1 Rxf1 36. Kxf1 Ke6 37. Kf2 Kf5 38. Kf3 Bd6 39. b3 Be7 40. Bb2 g5 41. hxg5 fxg5 42. fxg5 Bxg5 43. Bc3 Be7 44. Bb2 Bd6 45. Bc3 Be5 46. Bd2 Bc7 47. Bc3 Be5 48. Bd2 Bd6 1/2-1/2

[Event "Venezuela op 1st"]
[Site "Valencia"]
[Date "2017.12.09"]
[Round "7"]
[White "Brizuela Abreu, Reivis Gabriel"]
[Black "Rondon Chacon, Rene Ibrahim"]
[Result "1/2-1/2"]
[WhiteElo "2214"]
[BlackElo "2165"]
[PlyCount "22"]
[EventDate "2017.12.06"]
[EventType "swiss"]
[EventRounds "7"]
[EventCountry "VEN"]
[SourceTitle "EXT 2019"]
[Source "ChessBase"]
[SourceDate "2018.10.10"]
[SourceVersion "1"]
[SourceVersionDate "2018.10.10"]
[SourceQuality "1"]

1. d4 d5 2. c4 c6 3. Nf3 Nf6 4. Nc3 e6 5. e3 Nbd7 6. Qc2 Bd6 7. Bd3 0-0 8. 0-0 dxc4 9. Bxc4 b5 10. Bd3 Bb7 11. e4 e5 1/2-1/2

[Event "Venezuela op 1st"]
[Site "Valencia"]
[Date "2017.12.06"]
[Round "1"]
[White "Brizuela Abreu, Reivis Gabriel"]
[Black "Quiroga, Walter Gonzalo"]
[Result "1-0"]
[WhiteElo "2214"]
[BlackElo "1492"]
[PlyCount "21"]
[EventDate "2017.12.06"]
[EventType "swiss"]
[EventRounds "7"]
[EventCountry "VEN"]
[SourceTitle "EXT 2019"]
[Source "ChessBase"]
[SourceDate "2018.10.10"]
[SourceVersion "1"]
[SourceVersionDate "2018.10.10"]
[SourceQuality "1"]

1. d4 d5 2. c4 c6 3. cxd5 cxd5 4. Nc3 Nf6 5. Bf4 Nc6 6. e3 e6 7. Bd3 Be7 8. Nf3 0-0 9. 0-0 a6 10. Rc1 b5 11. Nxb5 1-0

[Event "Valencia Renovando op"]
[Site "Valencia"]
[Date "2017.07.16"]
[Round "8"]
[White "Brizuela Abreu, Reivis Gabriel"]
[Black "Brizuela Abreu, Ronald Jesus"]
[Result "0-1"]
[WhiteElo "2228"]
[BlackElo "2281"]
[PlyCount "130"]
[EventDate "2017.07.13"]
[EventType "swiss"]
[EventRounds "9"]
[EventCountry "VEN"]
[SourceTitle "EXT 2018"]
[Source "ChessBase"]
[SourceDate "2017.10.13"]
[SourceVersion "1"]
[SourceVersionDate "2017.10.13"]
[SourceQuality "1"]

1. d4 Nf6 2. c4 c5 3. d5 e6 4. Nc3 exd5 5. cxd5 g6 6. Nf3 d6 7. h3 Bg7 8. Bf4 0-0 9. e3 a6 10. a4 Nh5 11. Bh2 f5 12. Be2 f4 13. e4 Qe7 14. Nd2 Nf6 15. Qc2 Ne8 16. Nc4 Nd7 17. a5 Ne5 18. f3 Bd7 19. Bg1 Nc7 20. Nb6 Rab8 21. Qb3 Kh8 22. Rd1 Qg5 23. Kf1 Qf6 24. Bf2 h6 25. Rc1 Rf7 26. Qa3 Bb5 27. Rd1 Bxe2+ 28. Nxe2 Nb5 29. Qa4 Rc7 30. Nc3 Na7 31. Qc2 Kh7 32. Rd2 Nb5 33. Qa4 Na7 34. Qc2 Qe7 35. Rd1 Rf8 36. Rg1 Qe8 37. Qb3 Qe7 38. Qc2 g5 39. Rh1 h5 40. Rh2 Kg8 41. Qb3 Rf6 42. Ke2 Kh7 43. Ra1 Rg6 44. Rd1 Qe8 45. Kf1 Rh6 46. Qc2 Kg8 47. Qa4 Qf7 48. Ke2 Kh7 49. Rdh1 Rg6 50. Rg1 Kg8 51. Nc4 Nd7 52. Qc2 Nb5 53. Nxb5 axb5 54. Na3 b4 55. Nc4 Rc8 56. Qb3 Ra8 57. Ra1 b5 58. Nd2 Ne5 59. a6 Bf6 60. Rhh1 Rg7 61. Bg1 Qe8 62. Bf2 Rga7 63. Ra5 Bd8 64. Ra2 Rxa6 65. Rha1 Ra4 0-1

[Event "Valencia Renovando op"]
[Site "Valencia"]
[Date "2017.07.15"]
[Round "6"]
[White "Brizuela Abreu, Reivis Gabriel"]
[Black "Sanchez Alvarez, Kelvin Antonio"]
[Result "1-0"]
[WhiteElo "2228"]
[BlackElo "2227"]
[PlyCount "129"]
[EventDate "2017.07.13"]
[EventType "swiss"]
[EventRounds "9"]
[EventCountry "VEN"]
[SourceTitle "EXT 2018"]
[Source "ChessBase"]
[SourceDate "2017.10.13"]
[SourceVersion "1"]
[SourceVersionDate "2017.10.13"]
[SourceQuality "1"]

1. d4 g6 2. c4 Bg7 3. Nc3 f5 4. h4 Nf6 5. h5 Nxh5 6. e4 Nf6 7. Bd3 fxe4 8. Nxe4 d6 9. Nxf6+ exf6 10. Rxh7 Qe7+ 11. Qe2 Qxe2+ 12. Nxe2 Kf7 13. Rxh8 Bxh8 14. Be3 Nc6 15. 0-0-0 Bd7 16. Rh1 Bg7 17. Be4 Rh8 18. Bd5+ Ke8 19. Rxh8+ Bxh8 20. Nf4 Bf5 21. Bf3 g5 22. Nd5 Kd8 23. g4 Bc8 24. b4 Ne7 25. Nxe7 Kxe7 26. d5 b6 27. a4 Bg7 28. Kc2 Bh6 29. Kb3 f5 30. gxf5 Bxf5 31. Be2 Kf6 32. Bd4+ Ke7 33. c5 dxc5 34. bxc5 g4 35. Be5 Kd8 36. c6 Bf8 37. Bg3 Be7 38. Kc4 Bc5 39. Bd3 Bc8 40. Kc3 Be7 41. Kd4 Bf6+ 42. Ke4 Bg5 43. Ke5 a6 44. Kd4 Be7 45. Kc4 Bf6 46. Bg6 Bg5 47. Kb3 Be7 48. Bd3 Bf6 49. Kc2 Bg5 50. Kd1 Be7 51. Ke2 Bg5 52. Kf1 Be7 53. Be5 Bg5 54. Kg2 Bh4 55. Bf4 b5 56. axb5 axb5 57. Bxb5 Bf5 58. Kf1 Be4 59. d6 cxd6 60. Bxd6 Bf6 61. c7+ Kc8 62. Ba6+ Bb7 63. Be2 Kd7 64. Bg3 Bf3 65. Ba6 1-0

[Event "Valencia Renovando op"]
[Site "Valencia"]
[Date "2017.07.13"]
[Round "1"]
[White "Lopez Abreu, Michel Samuel"]
[Black "Brizuela Abreu, Reivis Gabriel"]
[Result "1/2-1/2"]
[WhiteElo "2077"]
[BlackElo "2228"]
[PlyCount "113"]
[EventDate "2017.07.13"]
[EventType "swiss"]
[EventRounds "9"]
[EventCountry "VEN"]
[SourceTitle "EXT 2018"]
[Source "ChessBase"]
[SourceDate "2017.10.13"]
[SourceVersion "1"]
[SourceVersionDate "2017.10.13"]
[SourceQuality "1"]

1. c4 e6 2. Nf3 d5 3. g3 c5 4. d4 Nc6 5. Bg2 Nf6 6. cxd5 exd5 7. 0-0 Be7 8. Nc3 0-0 9. Bg5 c4 10. Ne5 Be6 11. Qd2 Nd7 12. Bxe7 Nxe7 13. Rfd1 f6 14. Nxd7 Qxd7 15. e4 b5 16. exd5 Nxd5 17. Ne4 Bg4 18. Nc5 Qf7 19. Re1 Rad8 20. h3 Bc8 21. Re2 b4 22. Rae1 Rd6 23. Qc2 c3 24. bxc3 bxc3 25. Kh2 Rfd8 26. Bxd5 Rxd5 27. Qxc3 Rxd4 28. Re8+ Rxe8 29. Rxe8+ Qxe8 30. Qxd4 h5 31. Qc4+ Kh7 32. Qe4+ Qxe4 33. Nxe4 Be6 34. a3 Kg8 35. h4 Kf8 36. Kg1 Ke7 37. Kf1 Bd5 38. Nc3 Bf3 39. Ke1 a6 40. Kd2 Bc6 41. Ke3 Kd6 42. Kd4 g5 43. Ne4+ Bxe4 44. Kxe4 Ke6 45. f3 f5+ 46. Kd4 f4 47. hxg5 fxg3 48. Ke3 h4 49. f4 h3 50. Kf3 h2 51. Kg2 Kf5 52. Kh1 Kg6 53. Kg2 Kh5 54. Kh1 Kg4 55. Kg2 Kf5 56. Kh1 Kg4 57. Kg2 1/2-1/2